Statistics for Best Friend - 5 Seconds of Summer (All Lyrics)

Click here to take the quiz!

General Stats

  • This quiz has been taken 122 times
  • The average score is 205 of 260

Answer Stats

Best Friend% Correct
a
97%
I
97%
best
96%
friend
96%
you
95%
my
92%
My
92%
I'm
90%
i'm
90%
the
90%
your
90%
ChorusYou're
89%
and
84%
to
84%
when
84%
No
82%
that
82%
end
81%
it
81%
It
81%
at
79%
for
79%
He
79%
til'
79%
time
79%
day
78%
mad
78%
me
78%
would
78%
don't
77%
Verse 1Even
77%
even
77%
got
77%
every
75%
not
75%
We
75%
we
75%
bury
74%
Most
74%
of
74%
out
74%
still
74%
tell
74%
body
73%
get
73%
hate
73%
people
73%
count
71%
days
71%
did
71%
didn't
71%
flu
71%
on
71%
Verse 2Remember
71%
take
71%
tissue
71%
feet
70%
in
70%
kills
70%
parents
70%
run
70%
six
70%
Through
70%
under
70%
away
68%
But
68%
close
68%
face
68%
heaven
68%
high
68%
So
68%
town?
68%
water
68%
went
68%
Achoo
67%
God
67%
says
67%
shovel
67%
They
67%
us
67%
were
67%
wouldn't
67%
all
66%
another
66%
dig
66%
scared
66%
stutter
66%
Swear
66%
house
64%
over
63%
was
63%
cops
62%
had
62%
with
62%
dad
60%
Game
60%
let
60%
night
60%
sofa
60%
dumb
59%
enough
59%
leave
59%
naked
59%
said
59%
Dancing
58%
Jerry's
58%
shots
58%
back
56%
rode
56%
Turns
56%
use
56%
while
56%
100
55%
lying
55%
siren
55%

Score Distribution

Percentile by Number Answered

Percent of People with Each Score

Your Score History

You have not taken this quiz